[Event "Adelaide Lidums op"]
[Site "Adelaide"]
[Date "2018.12.10"]
[Round "1"]
[White "Kiripitige, Punala"]
[Black "Sabazova, Zhamilya"]
[Result "1-0"]
[WhiteElo "1974"]
[BlackElo "1518"]
[PlyCount "73"]
[EventDate "2018.12.10"]
[EventType "swiss"]
[EventRounds "9"]
[EventCountry "AUS"]
[SourceTitle "EXT 2020"]
[Source "ChessBase"]
[SourceDate "2019.10.17"]
[SourceVersion "1"]
[SourceVersionDate "2019.10.17"]
[SourceQuality "1"]

1. Nf3 g6 2. c3 c5 3. g3 Nc6 4. Bg2 Bg7 5. 0-0 Nf6 6. d4 cxd4 7. Nxd4 0-0 8. Be3 e5 9. Nxc6 bxc6 10. Bc5 Re8 11. e4 d5 12. exd5 cxd5 13. c4 e4 14. Nd2 Bg4 15. Qa4 Rb8 16. cxd5 Qxd5 17. Bd4 a5 18. Bc3 Bf3 19. Nxf3 exf3 20. Rfd1 Qf5 21. Bf1 Ng4 22. Bxg7 Qh5 23. h3 Nxf2 24. Kxf2 Kxg7 25. b3 Rbc8 26. Rac1 Qg5 27. Qf4 Qe7 28. Qxf3 Qa7+ 29. Kg2 Rb8 30. Bc4 Re3 31. Qf2 Rbe8 32. Rf1 Qb7+ 33. Kg1 R8e7 34. Rce1 Rxe1 35. Rxe1 Rc7 36. Qd4+ Kf8 37. Qh8# 1-0

[Event "Adelaide Lidums op"]
[Site "Adelaide"]
[Date "2018.12.10"]
[Round "2"]
[White "Sabazova, Zhamilya"]
[Black "Ghai, Aditya"]
[Result "1-0"]
[WhiteElo "1518"]
[BlackElo "1346"]
[PlyCount "83"]
[EventDate "2018.12.10"]
[EventType "swiss"]
[EventRounds "9"]
[EventCountry "AUS"]
[SourceTitle "EXT 2020"]
[Source "ChessBase"]
[SourceDate "2019.10.17"]
[SourceVersion "1"]
[SourceVersionDate "2019.10.17"]
[SourceQuality "1"]

1. e4 e6 2. Nf3 d5 3. e5 c5 4. d4 Nc6 5. Be3 Qb6 6. b3 Nge7 7. Nc3 Nf5 8. dxc5 Bxc5 9. Bxc5 Qxc5 10. Qd2 0-0 11. Bd3 d4 12. Ne4 Qb6 13. 0-0-0 a5 14. g4 Nfe7 15. Neg5 Ng6 16. h4 f6 17. exf6 gxf6 18. h5 fxg5 19. hxg6 hxg6 20. Qxg5 Rxf3 21. Bxg6 Qc7 22. Be4+ Qg7 23. Qxg7+ Kxg7 24. Bxf3 e5 25. Rde1 Bd7 26. Rh5 Nb4 27. a3 Na2+ 28. Kd2 Rf8 29. Rg5+ Kh6 30. Rh5+ Kg6 31. Be4+ Kf6 32. g5+ Ke7 33. f3 b5 34. g6 Rg8 35. Rxe5+ Kf6 36. Bd3 Nc3 37. Re7 Bf5 38. Rf7+ Kxg6 39. Rxf5 Kh6 40. Rh1+ Kg7 41. Rg1+ Kh7 42. Rh5# 1-0